[Event "Heusenstamm Sparkassen op-A 6th"]
[Site "Heusenstamm"]
[Date "2019.11.23"]
[Round "4"]
[White "Rondonuwu, Grover"]
[Black "Rabiya, Karim"]
[Result "1-0"]
[WhiteElo "2106"]
[BlackElo "1816"]
[PlyCount "69"]
[EventDate "2019.11.21"]
[EventType "swiss"]
[EventRounds "7"]
[EventCountry "GER"]
[SourceTitle "CBM 194 Extra"]
[Source "ChessBase"]
[SourceDate "2020.03.31"]
[SourceVersion "1"]
[SourceVersionDate "2020.03.31"]
[SourceQuality "1"]

1. d4 d6 2. Nf3 c5 3. g3 cxd4 4. Nxd4 Nc6 5. Bg2 Qb6 6. Nb3 Nf6 7. 0-0 Bf5 8. Nc3 e6 9. Be3 Qb4 10. a3 Qc4 11. Nd2 Qg4 12. Nb5 Rc8 13. c4 a6 14. Na7 Nxa7 15. Bxa7 d5 16. Qa4+ Rc6 17. Bf3 Qg6 18. Rac1 Ne4 19. cxd5 exd5 20. Nb3 Bd7 21. Qa5 Rxc1 22. Rxc1 Bc6 23. Be3 Be7 24. Nd4 Bd8 25. Qb4 Be7 26. Qb3 0-0 27. Nxc6 bxc6 28. Qa4 c5 29. Bxe4 dxe4 30. Bxc5 Bxc5 31. Rxc5 e3 32. fxe3 h6 33. Qc2 Qe6 34. Qc3 Rd8 35. Re5 1-0

[Event "Frankfurt-chA"]
[Site "Frankfurt"]
[Date "2019.05.27"]
[Round "5"]
[White "Deppe, Leo Max"]
[Black "Rondonuwu, Grover"]
[Result "1-0"]
[WhiteElo "1920"]
[BlackElo "2043"]
[PlyCount "72"]
[EventDate "2019.04.29"]
[EventType "swiss"]
[EventRounds "7"]
[EventCountry "GER"]
[SourceTitle "EXT 2020"]
[Source "ChessBase"]
[SourceDate "2019.10.17"]
[SourceVersion "1"]
[SourceVersionDate "2019.10.17"]
[SourceQuality "1"]

1. e4 c5 2. Nf3 g6 3. b3 Bg7 4. Nc3 Nc6 5. Bb2 Nf6 6. Qe2 0-0 7. 0-0-0 d5 8. e5 Ng4 9. Na4 d4 10. Nxc5 Ngxe5 11. Nxe5 Nxe5 12. f4 d3 13. Nxd3 Bg4 14. Qe4 Nxd3+ 15. Bxd3 Bxd1 16. Rxd1 e6 17. g4 Bxb2+ 18. Kxb2 Qf6+ 19. Kb1 Rad8 20. Rf1 Rd7 21. f5 exf5 22. gxf5 Re7 23. Qg4 Rfe8 24. Qg3 Qe5 25. Qh4 Rd7 26. Bc4 b5 27. fxg6 hxg6 28. Qg4 Rb7 29. Qxg6+ Qg7 30. Qc6 Reb8 31. Bd5 Re7 32. Qc5 Rbe8 33. Bxf7+ Rxf7 34. Rg1 Qxg1+ 35. Qxg1+ Kf8 36. Qc5+ Rfe7 1-0

[Event "Frankfurt-chA"]
[Site "Frankfurt"]
[Date "2019.05.06"]
[Round "2"]
[White "Rondonuwu, Grover"]
[Black "Winand, Edgar"]
[Result "1/2-1/2"]
[WhiteElo "2043"]
[BlackElo "1778"]
[PlyCount "100"]
[EventDate "2019.04.29"]
[EventType "swiss"]
[EventRounds "7"]
[EventCountry "GER"]
[SourceTitle "EXT 2020"]
[Source "ChessBase"]
[SourceDate "2019.10.17"]
[SourceVersion "1"]
[SourceVersionDate "2019.10.17"]
[SourceQuality "1"]

1. d4 d6 2. Nf3 g6 3. Bf4 Bg7 4. e3 Nc6 5. h3 Bd7 6. Be2 e5 7. Bh2 a6 8. 0-0 Nge7 9. c4 exd4 10. exd4 0-0 11. Nc3 Nf5 12. d5 Ncd4 13. Nxd4 Nxd4 14. Bd3 Qh4 15. Bg3 Qh6 16. Ne2 Nxe2+ 17. Bxe2 b6 18. Rb1 Rfe8 19. Bd3 f5 20. f4 Bd4+ 21. Kh2 Qg7 22. b3 Re7 23. Bh4 Bf6 24. Bf2 a5 25. Qc2 Rae8 26. Rbe1 Bc3 27. Rxe7 Rxe7 28. a3 Bd4 29. Bh4 Bf6 30. Be1 Re8 31. Bd2 h6 32. b4 axb4 33. axb4 Bd4 34. Re1 Rxe1 35. Bxe1 Be3 36. g3 Qa1 37. Qe2 Qd4 38. Kg2 b5 39. Qc2 bxc4 40. Qxc4 Qxc4 41. Bxc4 Ba4 42. Bc3 Bc2 43. Kf3 Bb6 44. Bd2 Be4+ 45. Ke2 Bd4 46. Be3 Bc3 47. b5 Ba5 48. Bd4 Bb6 49. Ke3 Bg2 50. h4 h5 1/2-1/2

[Event "Hessen Cup Goldener Springer"]
[Site "Griesheim"]
[Date "2019.01.19"]
[Round "3"]
[White "Rondonuwu, Grover"]
[Black "Keller, Peter1111"]
[Result "1-0"]
[WhiteElo "2086"]
[BlackElo "2193"]
[PlyCount "72"]
[EventDate "2019.01.18"]
[EventType "swiss"]
[EventRounds "6"]
[EventCountry "GER"]
[SourceTitle "EXT 2020"]
[Source "ChessBase"]
[SourceDate "2019.10.17"]
[SourceVersion "1"]
[SourceVersionDate "2019.10.17"]
[SourceQuality "1"]

1. d4 d5 2. c4 e6 3. Nc3 Nf6 4. cxd5 exd5 5. Bg5 c6 6. Qc2 Be7 7. e3 Bg4 8. Bd3 Bh5 9. Nge2 Nbd7 10. 0-0 Bg6 11. Nf4 Bxd3 12. Nxd3 0-0 13. b4 a6 14. Rfc1 Nb6 15. a4 Nc4 16. a5 Ne8 17. Bf4 Bd6 18. Bxd6 Nexd6 19. Nc5 Qe7 20. Re1 f5 21. Re2 Rae8 22. Rae1 Ne4 23. N3a4 Nxc5 24. Nxc5 Nd6 25. Nd3 Qf6 26. Ne5 Re7 27. Qb3 Rfe8 28. f4 h6 29. Rc1 Re6 30. h3 Qh4 31. Qc3 R8e7 32. Qe1 Qf6 33. Rec2 g5 34. Qf2 Rg7 35. Rf1 g4 36. hxg4 fxg4 1-0

[Event "Hessen Cup Goldener Springer"]
[Site "Griesheim"]
[Date "2019.01.19"]
[Round "4"]
[White "Stuhlmann, Florian"]
[Black "Rondonuwu, Grover"]
[Result "0-1"]
[WhiteElo "1851"]
[BlackElo "2086"]
[PlyCount "96"]
[EventDate "2019.01.18"]
[EventType "swiss"]
[EventRounds "6"]
[EventCountry "GER"]
[SourceTitle "EXT 2020"]
[Source "ChessBase"]
[SourceDate "2019.10.17"]
[SourceVersion "1"]
[SourceVersionDate "2019.10.17"]
[SourceQuality "1"]

1. d4 d5 2. c4 c6 3. Nc3 Nf6 4. cxd5 cxd5 5. Nf3 Nc6 6. Bf4 Bf5 7. e3 e6 8. Bd3 Bg6 9. 0-0 Bd6 10. Bxd6 Qxd6 11. Rc1 Rc8 12. a3 0-0 13. b4 Nd7 14. Nh4 Bxd3 15. Qxd3 Nb6 16. Nf3 Nc4 17. Na4 Ne7 18. Ra1 Qc6 19. Nc5 b6 20. Nb3 Rc7 21. a4 Qd6 22. b5 Rfc8 23. Rfb1 f6 24. g3 Na3 25. Rc1 Nc2 26. Rab1 Qa3 27. Qd2 Qxa4 28. Nc5 bxc5 29. Rxc2 cxd4 30. Rxc7 Rxc7 31. Nxd4 Kf7 32. h4 e5 33. Nc6 Ke6 34. Nd8+ Kd7 35. Nc6 Ke6 36. Nd8+ Kd6 37. Qd3 Qc2 38. Qa3+ Kd7 39. Ra1 Kxd8 40. b6 axb6 41. Qd6+ Ke8 42. Qxb6 Kf7 43. Ra6 Rc6 44. Qb7 Qd1+ 45. Kg2 Rc1 46. Kh3 Qh1+ 47. Kg4 Qe4+ 48. f4 h5+ 0-1

[Event "Frankfurt-chA"]
[Site "Frankfurt"]
[Date "2018.06.18"]
[Round "7"]
[White "Rondonuwu, Grover"]
[Black "Thomas, Norbert"]
[Result "1/2-1/2"]
[WhiteElo "2036"]
[BlackElo "1915"]
[PlyCount "89"]
[EventDate "2018.04.30"]
[EventType "swiss"]
[EventRounds "7"]
[EventCountry "GER"]
[SourceTitle "EXT 2019"]
[Source "ChessBase"]
[SourceDate "2018.10.10"]
[SourceVersion "1"]
[SourceVersionDate "2018.10.10"]
[SourceQuality "1"]

1. d4 d6 2. Nf3 Bg4 3. Bf4 Nd7 4. Nbd2 c5 5. c3 Ngf6 6. h3 Bxf3 7. Nxf3 g6 8. e3 Bg7 9. Be2 0-0 10. 0-0 Qc7 11. Bh2 a6 12. a4 Rac8 13. Qb1 Nb8 14. Rc1 b6 15. b4 Qa7 16. Qb3 Nbd7 17. a5 b5 18. bxc5 dxc5 19. c4 cxd4 20. exd4 bxc4 21. Bxc4 e6 22. Rab1 Rc6 23. Bf1 Rxc1 24. Rxc1 Nd5 25. Qa4 Qb7 26. Bxa6 Qxa6 27. Qxd7 Qxa5 28. Bd6 Qd8 29. Qc6 Re8 30. Ne5 Bxe5 31. dxe5 Qa8 32. Qc5 h6 33. Qd4 Qd8 34. Ra1 Qg5 35. g3 Rc8 36. Kg2 h5 37. Qb2 Qf5 38. Ra2 h4 39. Qd2 hxg3 40. fxg3 Qe4+ 41. Kh2 Ne3 42. Qf2 Rc2 43. Rxc2 Qxc2 44. Qxc2 Nxc2 45. Be7 1/2-1/2

[Event "Oberliga Ost-B 1718"]
[Site "Germany"]
[Date "2018.04.14"]
[Round "10.7"]
[White "Meyer, Kai Christian"]
[Black "Rondonuwu, Grover"]
[Result "1-0"]
[WhiteElo "2158"]
[BlackElo "2098"]
[PlyCount "93"]
[EventDate "2017.10.22"]
[EventType "team-tourn"]
[EventRounds "11"]
[EventCountry "GER"]
[SourceTitle "EXT 2019"]
[Source "ChessBase"]
[SourceDate "2018.10.10"]
[SourceVersion "1"]
[SourceVersionDate "2018.10.10"]
[SourceQuality "1"]
[WhiteTeam "Schoeneck"]
[BlackTeam "Frankfurt TV"]
[WhiteTeamCountry "GER"]
[BlackTeamCountry "GER"]

1. c4 e5 2. g3 g6 3. Bg2 Bg7 4. Nc3 Ne7 5. Nf3 c5 6. 0-0 0-0 7. d3 Nbc6 8. Nd5 d6 9. Ne1 h6 10. Nc2 Rb8 11. a3 a5 12. Bd2 b6 13. b4 Nxd5 14. cxd5 Ne7 15. bxa5 b5 16. Rb1 Bd7 17. e3 Qc8 18. d4 exd4 19. exd4 Bf5 20. Rc1 Bxc2 21. Rxc2 Bxd4 22. Bxh6 Re8 23. Re2 Nf5 24. Bh3 Rxe2 25. Qxe2 Nxg3 26. hxg3 Qxh3 27. Bf4 Kg7 28. Qf3 Rh8 29. Qg2 Qd7 30. Rb1 g5 31. Bd2 Qf5 32. Rf1 f6 33. a6 Ra8 34. Re1 Rxa6 35. Re7+ Kf8 36. Re6 Rxa3 37. Qh2 Ra1+ 38. Be1 Qg6 39. Qh8+ Qg8 40. Re8+ Kxe8 41. Qxg8+ Kd7 42. Qe6+ Kc7 43. Qe7+ Kc8 44. Qe8+ Kc7 45. Qc6+ Kd8 46. Qxd6+ Ke8 47. Qe6+ 1-0

[Event "Heusenstamm Sparkassen op-A 4th"]
[Site "Heusenstamm"]
[Date "2017.11.26"]
[Round "7"]
[White "Kuhn, Gerhard"]
[Black "Rondonuwu, Grover"]
[Result "0-1"]
[WhiteElo "2035"]
[BlackElo "2098"]
[PlyCount "76"]
[EventDate "2017.11.23"]
[EventType "swiss"]
[EventRounds "7"]
[EventCountry "GER"]
[SourceTitle "EXT 2019"]
[Source "ChessBase"]
[SourceDate "2018.10.10"]
[SourceVersion "1"]
[SourceVersionDate "2018.10.10"]
[SourceQuality "1"]

1. d4 d5 2. Nf3 Nf6 3. e3 c6 4. c4 e6 5. Nbd2 Nbd7 6. b3 b6 7. Bd3 Bb7 8. 0-0 Bd6 9. Bb2 Qe7 10. Re1 0-0 11. e4 dxe4 12. Nxe4 Nxe4 13. Bxe4 Nf6 14. Bc2 Ba3 15. Bc3 Bb4 16. Qd3 Rfd8 17. Rad1 a5 18. Re2 Bxc3 19. Qxc3 Qb4 20. Qb2 Qf8 21. Ng5 Rd7 22. Ne4 Qe7 23. f3 Rad8 24. Red2 c5 25. Kf1 Nxe4 26. Bxe4 Bxe4 27. fxe4 Rxd4 28. Qc2 e5 29. Rxd4 exd4 30. Qd3 Re8 31. Re1 Qe5 32. Qh3 g6 33. Qd7 Kg7 34. Kg1 Re7 35. Qc6 f5 36. Qxb6 fxe4 37. Qxa5 e3 38. Qd8 e2 0-1

[Event "Heusenstamm Sparkassen op-A 3rd"]
[Site "Heusenstamm"]
[Date "2016.11.27"]
[Round "6"]
[White "De Visser, Leon"]
[Black "Rondonuwu, Grover"]
[Result "1/2-1/2"]
[WhiteElo "2230"]
[BlackElo "2066"]
[PlyCount "144"]
[EventDate "2016.11.24"]
[EventType "swiss"]
[EventRounds "7"]
[EventCountry "GER"]
[SourceTitle "EXT 2018"]
[Source "ChessBase"]
[SourceDate "2017.10.13"]
[SourceVersion "1"]
[SourceVersionDate "2017.10.13"]
[SourceQuality "1"]

1. c4 e5 2. g3 g6 3. Bg2 Bg7 4. Nc3 Nc6 5. e4 d6 6. d3 Nge7 7. Nge2 0-0 8. 0-0 Be6 9. a3 a5 10. Nd5 Qd7 11. Bd2 a4 12. Bc3 Nd4 13. Bxd4 exd4 14. Nxe7+ Qxe7 15. f4 f5 16. Re1 Bd7 17. b4 axb3 18. Qxb3 c5 19. Kh1 Ba4 20. Qa2 Bc6 21. Ng1 Qc7 22. exf5 gxf5 23. Nf3 Rfe8 24. Qd2 Re3 25. Rf1 Qa5 26. Qxa5 Rxa5 27. Ne1 Bxg2+ 28. Kxg2 b5 29. cxb5 Rxb5 30. a4 Ra5 31. Rf2 Kf7 32. Rc2 Bf6 33. Kf2 Bd8 34. Ra3 Ra7 35. Nf3 Ba5 36. Rca2 Rb7 37. Nd2 d5 38. Rb3 Bb4 39. a5 Ke7 40. a6 Ra7 41. Nf3 Re6 42. Nxd4 Rexa6 43. Nxf5+ Ke6 44. Nd4+ Kd6 45. Rxa6+ Rxa6 46. Ne2 Ra3 47. Rxa3 Bxa3 48. g4 Bb2 49. Ke3 Ke7 50. h4 Kf7 51. h5 h6 52. Kd2 Bf6 53. Kc2 Be7 54. Kb3 Ke6 55. Kc3 Bf6+ 56. Kd2 Be7 57. Ke3 Bf6 58. Ng3 Be7 59. Nf5 Bf8 60. Kd2 Kf6 61. Kc3 Ke6 62. Kb3 Kf6 63. Ka4 c4 64. dxc4 dxc4 65. Ng3 Ke6 66. g5 Bd6 67. gxh6 Bxf4 68. h7 Be5 69. h6 Kf7 70. Nf5 Kg6 71. Ne3 c3 72. Kb3 Kxh7 1/2-1/2

[Event "Heusenstamm Sparkassen op-A 3rd"]
[Site "Heusenstamm"]
[Date "2016.11.27"]
[Round "5"]
[White "Modric, Vladimir"]
[Black "Rondonuwu, Grover"]
[Result "0-1"]
[WhiteElo "1928"]
[BlackElo "2066"]
[PlyCount "46"]
[EventDate "2016.11.24"]
[EventType "swiss"]
[EventRounds "7"]
[EventCountry "GER"]
[SourceTitle "EXT 2018"]
[Source "ChessBase"]
[SourceDate "2017.10.13"]
[SourceVersion "1"]
[SourceVersionDate "2017.10.13"]
[SourceQuality "1"]

1. d4 d5 2. Nf3 Nf6 3. e3 c6 4. Bd3 e6 5. Nbd2 Nbd7 6. b3 Bd6 7. Bb2 Qc7 8. 0-0 e5 9. e4 0-0 10. Re1 Re8 11. c4 exd4 12. exd5 Rxe1+ 13. Qxe1 c5 14. Qe2 Nf8 15. Ne4 Nxe4 16. Qxe4 Bd7 17. Re1 Re8 18. Qh4 Rxe1+ 19. Nxe1 Qa5 20. Qe4 Qxa2 21. Bc1 Qxb3 22. Qe2 Qb6 23. h4 Qd8 0-1

[Event "Eschborn op"]
[Site "Eschborn"]
[Date "2016.09.04"]
[Round "5"]
[White "Rondonuwu, Grover"]
[Black "Bernig, Andreas"]
[Result "1-0"]
[WhiteElo "2015"]
[BlackElo "1751"]
[PlyCount "135"]
[EventDate "2016.09.02"]
[EventType "swiss"]
[EventRounds "5"]
[EventCountry "GER"]
[SourceTitle "EXT 2018"]
[Source "ChessBase"]
[SourceDate "2017.10.13"]
[SourceVersion "1"]
[SourceVersionDate "2017.10.13"]
[SourceQuality "1"]

1. d4 Nf6 2. Nf3 g6 3. Bf4 c5 4. e3 cxd4 5. exd4 Bg7 6. Be2 0-0 7. Nbd2 d5 8. 0-0 Nc6 9. c3 Bf5 10. h3 Rc8 11. Qb3 Na5 12. Qd1 Qb6 13. Qc1 Ne4 14. g4 Be6 15. Qb1 h5 16. Nxe4 dxe4 17. Ne5 Bxe5 18. Bxe5 f6 19. Qxe4 Bf7 20. Bg3 hxg4 21. b4 Nc4 22. hxg4 Nd2 23. Qe3 Nxf1 24. Rxf1 Qe6 25. Rc1 Qxe3 26. fxe3 Bc4 27. Bf3 b6 28. a4 Kg7 29. b5 e6 30. Bb7 Rcd8 31. e4 Rf7 32. Bc6 f5 33. Be5+ Kh6 34. gxf5 gxf5 35. Bf4+ Kg7 36. e5 Kg8 37. Kf2 Rg7 38. Bf3 a6 39. bxa6 Bxa6 40. Rb1 Rc7 41. Rxb6 Bc8 42. Bd2 Ra7 43. Bd1 Bd7 44. Bb3 Kf7 45. Ke3 Re8 46. d5 exd5 47. Bxd5+ Be6 48. Bf3 Ke7 49. Bc6 Bd7 50. Bb5 Rxa4 51. Bxa4 Bxa4 52. c4 Bd7 53. Kd4 Rc8 54. Kd5 Rg8 55. Rb7 Rg3 56. Bb4+ Ke8 57. Rb8+ Kf7 58. Rf8+ Kg7 59. Rd8 Rd3+ 60. Kc5 Kf7 61. Kb6 Ke6 62. Bd6 f4 63. Kc7 Ba4 64. Rf8 Rxd6 65. exd6 Ke5 66. d7 Bxd7 67. Kxd7 Kd4 68. c5 1-0

[Event "Frankfurt-chA"]
[Site "Frankfurt"]
[Date "2016.06.06"]
[Round "6"]
[White "Telljohann, Sven"]
[Black "Rondonuwu, Grover"]
[Result "1-0"]
[WhiteElo "2345"]
[BlackElo "1976"]
[PlyCount "81"]
[EventDate "2016.04.25"]
[EventType "swiss"]
[EventRounds "9"]
[EventCountry "GER"]
[SourceTitle "EXT 2018"]
[Source "ChessBase"]
[SourceDate "2017.10.13"]
[SourceVersion "1"]
[SourceVersionDate "2017.10.13"]
[SourceQuality "1"]

1. c4 Nf6 2. Nf3 c6 3. g3 d5 4. b3 Bg4 5. Bg2 e6 6. Bb2 Nbd7 7. 0-0 Bd6 8. d3 Qe7 9. a3 a5 10. Nbd2 0-0 11. Ra2 h6 12. Qa1 Rfe8 13. Re1 e5 14. cxd5 cxd5 15. h3 Bxf3 16. Nxf3 Rac8 17. Nd2 b5 18. Rc1 Nb6 19. e3 Nfd7 20. d4 e4 21. Bf1 Rxc1 22. Bxc1 b4 23. Bb5 Rc8 24. axb4 Bxb4 25. Ba3 Nf6 26. Ba6 Rc7 27. Bxb4 axb4 28. Bb5 Kh7 29. Nf1 Nc8 30. Ra6 Ra7 31. Qa5 Qb7 32. Rxa7 Nxa7 33. Be2 Nc6 34. Qc5 Na7 35. g4 Nd7 36. Qe7 Kg8 37. g5 hxg5 38. Bg4 Nc6 39. Qxd7 Qxd7 40. Bxd7 Na5 41. Ba4 1-0